Environment and crop production (Record no. 1208223)

MARC details
000 -LEADER
fixed length control field 01006nam a2200289Ia 4500
003 - CONTROL NUMBER IDENTIFIER
control field OSt
005 - DATE AND TIME OF LATEST TRANSACTION
control field 20221007120936.0
008 - FIXED-LENGTH DATA ELEMENTS--GENERAL INFORMATION
fixed length control field 221006b |||||||| |||| 00| 0 eng d
020 ## - INTERNATIONAL STANDARD BOOK NUMBER
International Standard Book Number 8120415523 (hbd)
037 ## - SOURCE OF ACQUISITION
Terms of availability Textbook
040 ## - CATALOGING SOURCE
Original cataloging agency BDL
Transcribing agency BDL
Language of cataloging eng
041 ## - LANGUAGE CODE
Source of code eng
Language code of text/sound track or separate title eng
100 ## - MAIN ENTRY--PERSONAL NAME
Personal name Dris Ramdane Ed.
9 (RLIN) 710328
245 #0 - TITLE STATEMENT
Title Environment and crop production
Remainder of title Jain Shri Mohan Ed. Khan Iqrar A Ed.
260 ## - PUBLICATION, DISTRIBUTION, ETC.
Place of publication, distribution, etc. New
Name of publisher, distributor, etc. Delhi Oxford and IBH Publishing Co.Pvt.Ltd.
Date of publication, distribution, etc. 2002
300 ## - PHYSICAL DESCRIPTION
Extent xx, 341p.
Dimensions cm.
500 ## - GENERAL NOTE
General note Includes bibliographical references.; Index 337-341p.
650 ## - SUBJECT ADDED ENTRY--TOPICAL TERM
Topical term or geographic name entry element Botany
700 ## - ADDED ENTRY--PERSONAL NAME
Personal name Jain Shri Mohan Ed.
9 (RLIN) 428162
700 ## - ADDED ENTRY--PERSONAL NAME
Personal name Khan Iqrar A Ed.
9 (RLIN) 710329
942 ## - ADDED ENTRY ELEMENTS (KOHA)
Classification part J38:955, P2 Carb
Koha item type Textbook
Source of classification or shelving scheme Colon Classification (CC)
Holdings
Withdrawn status Lost status Source of classification or shelving scheme Damaged status Not for loan Home library Current library Date acquired Source of acquisition Total Checkouts Full call number Barcode Date last seen Price effective from Koha item type
    Colon Classification (CC)     Department of Botany Library Department of Botany Library 2022-10-07 893, 07/01/2009, Capital Book   J38:955 P2 Carb BD0005283 2022-10-07 2022-10-07 Textbook
Copyright @ Delhi University Library System